000 01531nmm a2200397 a 4500
003 AR-BaBNM
005 20251128203443.0
008 277019s1965 ||||||||||||||000 | spa||
040 _cAR-BaBNM
100 1 _aHaskew, Laurence D.
245 1 0 _aEsto es la enseñanza
250 _a1ª ed.
260 _aMéxico, D.F.
_bCentro Regional de Ayuda Técnica. Agencia para el Desarrollo Internacional
_c1965
300 0 _a368 p.
_bil., tablas
500 0 _aRevisión técnica por Domingo Tirado Benedí
500 0 _aGuía histórica: p. 604-615
500 0 _aGlosario: p. 616-624
500 1 _aEsta publicación ha sido preparada por el Centro Regional de Ayuda Técnica, Agencia para el Desarrollo Internacional AID, Departamento de Estado del Gobierno de los Estados Unidos de América. El Centro es una organización dedicada a la producción de versi
504 _aContiene bibliografía al final de cada capítulo
650 4 _aORGANIZACION DE LA EDUCACION
650 4 _aHISTORIA DE LA EDUCACION
650 4 _aSISTEMAS ESCOLARES
650 4 _aPERSONAL DE EDUCACION
650 4 _aORIENTACION PROFESIONAL
650 4 _aFORMACION DE DOCENTES
650 4 _aRELACION ESCUELA-COMUNIDAD
650 4 _aPOLITICA EDUCATIVA
651 4 _aEstados Unidos
653 _aEXPERIENCIAS EDUCATIVAS
653 _aPROCESO DE ENSENANZA-APRENDIZAJE
700 1 _aMcLendon, Jonathon C.
700 1 _aContró Malo, Francisco
_etraductor
700 1 _aVilalta Vidal, Emiliano
_etraductor
942 _cBK
998 _csilvi
999 _c3454
_d3454